Chile A-Z - Statistics

General Stats
  • This quiz has been taken 693 times
  • The average score is 15 of 26
Answer Stats
Hint Answer % Correct
S Capital city Santiago
94%
T Chile's flag is similar-lookingto this U.S. state Texas
89%
F Archipelago shared with Argentina : Tierra del _____ Fuego
88%
C Metal Chile produces the most Copper
84%
A Driest desert Atacama
82%
E Most famous island chain Easter Island
79%
Y Country Chile defeated in the1962 FIFA World Cup to claim the third place Yugoslavia
75%
H Southernmost point: Cape ____ Horn
71%
P Anti-communist dictator Augusto Pinochet
70%
J Volcanic island chain {Juan} Fernández
65%
L Chile has world's largest reservesof this type of metal Lithium
63%
Q Native American language Quechua
60%
W Major island with namesake of an Oceanian capital city Wellington
57%
V Second biggest city Valparaiso
54%
I Chile's independence leader was a member of a noble family from this country Ireland
53%
G Most common last name Gonzalez
52%
N Nobel Prize-winning poet Pablo Neruda
52%
D Water passage in the south {Drake} Passage
49%
K U.S. secretary of state who was involved in helping to assassinate President Salvador Allende Henry Kissinger
46%
U Popular football club: ___________ de Chile Universidad
44%
R Indigenous name of E Rapa Nui
38%
O World's tallest volcano {Ojos} del Salado
35%
M Indigenous people in central Chile Mapuche
34%
B First female President Michelle Bachelet
33%
Z Footballer nicknamed "Bam Bam" Iván Zamorano
23%
X Current President of the Senate:______ Rincón Ximena
17%
No matching quizzes found
Score Distribution
Percent of People with Each Score
Percentile by Number Answered
Your Score History
You have not taken this quiz